[Event "Southend Easter op 67th"]
[Site "Southend"]
[Date "2025.04.19"]
[Round "3"]
[White "Bates, Richard"]
[Black "Foster, Timothy"]
[Result "1-0"]
[WhiteElo "2311"]
[BlackElo "1954"]
[PlyCount "81"]
[EventDate "2025.04.18"]
[EventType "swiss"]
[EventRounds "7"]
[EventCountry "ENG"]
[SourceTitle "CB18_2025"]
[SourceDate "2025.04.30"]
[SourceVersion "1"]
[SourceVersionDate "2025.04.30"]
[SourceQuality "1"]

1. d4 Nf6 2. Nf3 g6 3. g3 Bg7 4. c4 0-0 5. Bg2 d6 6. 0-0 c5 7. Nc3 Nc6 8. dxc5 dxc5 9. Bf4 Nh5 10. Bg5 Be6 11. Nd5 Nf6 12. Ne1 Ne5 13. b3 h6 14. Be3 Bxd5 15. cxd5 c4 16. Rc1 Rc8 17. Bd4 cxb3 18. Rxc8 Qxc8 19. Bxe5 bxa2 20. Qa4 Nxd5 21. Bxg7 Nb6 22. Qxa2 Kxg7 23. Qxa7 Nc4 24. Nd3 Nd2 25. Rc1 Qg4 26. Qe3 Nb3 27. Rb1 Nd4 28. h3 Qd7 29. Rxb7 Qa4 30. Kh2 Nf5 31. Qe5+ Kh7 32. e4 Ng7 33. Rxe7 Qb3 34. Qd5 Qa3 35. Rd7 Kg8 36. Ne5 Ne6 37. Nxf7 Qa6 38. Nxh6+ Kh8 39. Qe5+ Rf6 40. Qxf6+ Ng7 41. Qxg7# 1-0

[Event "Southend Easter op 67th"]
[Site "Southend"]
[Date "2025.04.18"]
[Round "1"]
[White "Bates, Richard"]
[Black "Myall, Ivan J"]
[Result "1/2-1/2"]
[WhiteElo "2311"]
[BlackElo "1913"]
[PlyCount "42"]
[EventDate "2025.04.18"]
[EventType "swiss"]
[EventRounds "7"]
[EventCountry "ENG"]
[SourceTitle "CB18_2025"]
[SourceDate "2025.04.30"]
[SourceVersion "1"]
[SourceVersionDate "2025.04.30"]
[SourceQuality "1"]

1. d4 Nf6 2. Nf3 d5 3. c4 c6 4. e3 Bf5 5. Nc3 e6 6. Nh4 Bg4 7. Qb3 Qb6 8. h3 Qxb3 9. axb3 Bh5 10. g4 Bg6 11. g5 Ne4 12. Nxg6 hxg6 13. Nxe4 dxe4 14. Bg2 Rh4 15. f4 exf3 16. Bxf3 Be7 17. e4 Nd7 18. Be3 e5 19. dxe5 Nxe5 20. Ke2 Nxf3 21. Kxf3 a6 1/2-1/2

[Event "BCF-chT 2425 (4NCL)"]
[Site "England"]
[Date "2025.02.16"]
[Round "6.34"]
[White "Rogers, Jonathan"]
[Black "Bates, Richard"]
[Result "1/2-1/2"]
[WhiteElo "2332"]
[BlackElo "2315"]
[PlyCount "93"]
[EventDate "2024.11.23"]
[EventType "team-swiss"]
[EventRounds "11"]
[EventCountry "ENG"]
[SourceTitle "CB14_2025"]
[SourceDate "2024.11.01"]
[SourceVersion "1"]
[SourceVersionDate "2024.11.01"]
[SourceQuality "1"]
[WhiteTeam "Barbican"]
[BlackTeam "Blackthorne Russia"]
[WhiteTeamCountry "ENG"]
[BlackTeamCountry "ENG"]

1. d4 Nf6 2. Nf3 g6 3. Bg5 Bg7 4. Nbd2 0-0 5. c3 d6 6. e4 c5 7. dxc5 dxc5 8. Bc4 Nc6 9. Qe2 Qc7 10. 0-0 h6 11. Bxf6 exf6 12. Nh4 g5 13. Nf5 Bxf5 14. exf5 Rfe8 15. Ne4 Qf4 16. Rae1 Re7 17. Qe3 Qxe3 18. Rxe3 Rd8 19. Nxc5 Rxe3 20. fxe3 Bf8 21. Ne4 Be7 22. Be2 Ne5 23. b3 Kf8 24. Rd1 Rxd1+ 25. Bxd1 Ke8 26. Be2 Kd7 27. Kf2 Kc6 28. Bf3 Kc7 29. Bh5 Kd7 30. Ke2 Bd8 31. Nc5+ Kc6 32. Nd3 Bc7 33. h3 Kd6 34. Nxe5 Kxe5 35. g4 Ke4 36. Bxf7 Bb6 37. c4 Bxe3 38. Bd5+ Kd4 39. Bxb7 Bc1 40. Kd1 Ba3 41. Kc2 a5 42. Bc6 Bb4 43. Kb2 Bc3+ 44. Ka3 Bb4+ 45. Ka4 Kc5 46. Bd5 Bd2 47. Ka3 1/2-1/2

[Event "London Classic op 14th"]
[Site "London"]
[Date "2024.12.07"]
[Round "9"]
[White "Zhou, Yang Fan"]
[Black "Bates, Richard"]
[Result "1-0"]
[WhiteElo "2418"]
[BlackElo "2315"]
[PlyCount "79"]
[EventDate "2024.11.29"]
[EventType "swiss"]
[EventRounds "9"]
[EventCountry "ENG"]
[SourceTitle "CB50_2024"]
[SourceDate "2024.11.01"]
[SourceVersion "1"]
[SourceVersionDate "2024.11.01"]
[SourceQuality "2"]

1. e4 c5 2. Nf3 d6 3. d4 cxd4 4. Nxd4 Nf6 5. Nc3 a6 6. Bg5 Nc6 7. Qd2 e6 8. 0-0-0 h6 9. Nxc6 bxc6 10. Bf4 d5 11. Qe3 Bb4 12. Be2 Qe7 13. Be5 Bb7 14. exd5 cxd5 15. f4 0-0 16. Rhg1 Rfc8 17. g4 Ne4 18. Nxe4 dxe4 19. g5 Qc5 20. Qxc5 Bxc5 21. Rg3 hxg5 22. Rxg5 g6 23. h4 Rd8 24. Rh1 Be3+ 25. Kb1 Bd4 26. h5 Bxe5 27. fxe5 Rd2 28. hxg6 Rxe2 29. g7 f6 30. exf6 Kf7 31. b3 Rg8 32. Rh8 Rf2 33. Rc5 e3 34. Rc7+ Kg6 35. Rxg8 e2 36. Rd8 e1Q+ 37. Kb2 Qe5+ 38. Rc3 Be4 39. g8Q+ Kf5 40. Qh7+ 1-0

[Event "London Classic op 14th"]
[Site "London"]
[Date "2024.12.06"]
[Round "8"]
[White "Bates, Richard"]
[Black "Barnaure, Vlad Victor"]
[Result "1-0"]
[WhiteElo "2315"]
[BlackElo "2480"]
[PlyCount "67"]
[EventDate "2024.11.29"]
[EventType "swiss"]
[EventRounds "9"]
[EventCountry "ENG"]
[SourceTitle "CB50_2024"]
[SourceDate "2024.11.01"]
[SourceVersion "1"]
[SourceVersionDate "2024.11.01"]
[SourceQuality "2"]

1. d4 d6 2. g3 g6 3. Bg2 Bg7 4. Nf3 Nd7 5. c4 e5 6. Nc3 Ne7 7. 0-0 0-0 8. dxe5 dxe5 9. Qc2 Nf5 10. e3 Nd6 11. b3 e4 12. Nd2 f5 13. Ba3 Re8 14. Rad1 Nf7 15. f3 exf3 16. Nxf3 c6 17. e4 Qa5 18. Bb2 Nf6 19. Nh4 Nd6 20. e5 Rxe5 21. Nb5 Nf7 22. Bc3 Qa6 23. Bxe5 Nxe5 24. Qe2 Qb6+ 25. Kh1 Nfg4 26. Nd4 Bd7 27. h3 Nh6 28. Ndf3 Re8 29. Rxd7 Bf6 30. Nxe5 Rxe5 31. Qd2 Nf7 32. Nf3 Re8 33. Re1 Rf8 34. Qe3 1-0

[Event "London Classic op 14th"]
[Site "London"]
[Date "2024.11.30"]
[Round "2"]
[White "Bates, Richard"]
[Black "Stefansson, Vignir Vatnar"]
[Result "0-1"]
[WhiteElo "2315"]
[BlackElo "2530"]
[PlyCount "84"]
[EventDate "2024.11.29"]
[EventType "swiss"]
[EventRounds "9"]
[EventCountry "ENG"]
[SourceTitle "CB50_2024"]
[SourceDate "2024.11.01"]
[SourceVersion "1"]
[SourceVersionDate "2024.11.01"]
[SourceQuality "2"]

1. d4 d5 2. c4 e6 3. Nf3 a6 4. cxd5 exd5 5. Nc3 Nf6 6. Bg5 Be6 7. e3 Nbd7 8. Be2 Bd6 9. Bh4 c6 10. Qc2 h6 11. Bg3 Qb8 12. b4 Bxg3 13. hxg3 Qd6 14. 0-0 0-0 15. a4 Rfe8 16. a5 Rab8 17. Rab1 Ne4 18. Bd3 Nxc3 19. Qxc3 Re7 20. Bc2 Rbe8 21. Rfe1 Bg4 22. Qd3 g6 23. Qc3 Qf6 24. Bd1 h5 25. Rc1 Kg7 26. Nh2 Bxd1 27. Rcxd1 h4 28. g4 Qd6 29. Nf1 Rh8 30. f3 h3 31. gxh3 Qf6 32. Kg2 Qh4 33. b5 Qxh3+ 34. Kf2 axb5 35. a6 bxa6 36. Qxc6 Nf6 37. Qd6 Re6 38. Qg3 Qxg3+ 39. Kxg3 Rc8 40. Re2 Rc3 41. Rb1 Ne8 42. Ra2 Rec6 0-1

[Event "London Classic op 14th"]
[Site "London"]
[Date "2024.11.29"]
[Round "1"]
[White "Rushbrooke, Remy"]
[Black "Bates, Richard"]
[Result "0-1"]
[WhiteElo "2074"]
[BlackElo "2315"]
[PlyCount "62"]
[EventDate "2024.11.29"]
[EventType "swiss"]
[EventRounds "9"]
[EventCountry "ENG"]
[SourceTitle "CB50_2024"]
[SourceDate "2024.11.01"]
[SourceVersion "1"]
[SourceVersionDate "2024.11.01"]
[SourceQuality "2"]

1. Nf3 Nf6 2. g3 g6 3. Bg2 Bg7 4. d4 0-0 5. 0-0 d6 6. c4 Nbd7 7. Nc3 e5 8. dxe5 dxe5 9. Qc2 c6 10. h3 Qe7 11. Rb1 Nc5 12. Be3 Bf5 13. Bxc5 Qxc5 14. e4 Be6 15. b4 Qe7 16. Nxe5 Nh5 17. Ng4 f5 18. exf5 gxf5 19. Ne3 f4 20. gxf4 Nxf4 21. Ne2 Nxh3+ 22. Bxh3 Bxh3 23. Rfe1 Rxf2 24. Kxf2 Rf8+ 25. Nf4 Rxf4+ 26. Kg1 Qg5+ 27. Kh1 Rh4 28. Qh2 Be5 29. Rb2 Bxh2 30. Rxh2 Qe5 31. Ng2 Bxg2+ 0-1

[Event "EU-Cup 39th"]
[Site "Vrnjacka Banja"]
[Date "2024.10.20"]
[Round "1.3"]
[White "Bates, Richard"]
[Black "Brkic, Ante"]
[Result "0-1"]
[WhiteElo "2319"]
[BlackElo "2626"]
[PlyCount "84"]
[EventDate "2024.10.20"]
[EventType "team-swiss"]
[EventRounds "7"]
[EventCountry "SRB"]
[SourceTitle "CB44_2024"]
[Source "Chessbase"]
[SourceDate "2024.10.30"]
[SourceVersion "1"]
[SourceVersionDate "2024.10.30"]
[SourceQuality "1"]
[WhiteTeam "Blackthorne"]
[BlackTeam "Ljubljana Tajfun"]
[WhiteTeamCountry "ENG"]
[BlackTeamCountry "SLO"]

1. d4 Nf6 2. Nf3 d5 3. c4 e6 4. g3 Bb4+ 5. Bd2 Be7 6. Bg2 0-0 7. 0-0 Nbd7 8. Qc2 c6 9. h4 h6 10. b3 b6 11. Nc3 Ba6 12. e4 dxc4 13. Rfd1 Rc8 14. Bf4 Re8 15. Ne5 Nxe5 16. dxe5 Nd7 17. Qe2 Qc7 18. Qh5 Bf8 19. Rd6 Nxe5 20. Rd2 f6 21. Rad1 Qf7 22. Qxf7+ Nxf7 23. Rd7 Ra8 24. Bf1 g5 25. hxg5 hxg5 26. Bc1 Ne5 27. Rc7 Rec8 28. Rxc8 Rxc8 29. f4 Nd3 30. Be3 gxf4 31. gxf4 Bb4 32. bxc4 Nb2 33. Rc1 Bxc4 34. Na4 Bxf1 35. Nxb2 Ba6 36. Kf2 Ba3 37. Bd4 Rd8 38. Bxf6 Rd2+ 39. Ke3 Re2+ 40. Kf3 Bxb2 41. Rg1+ Kf8 42. e5 Bd4 0-1

[Event "ENG-ch"]
[Site "Kenilworth"]
[Date "2024.06.22"]
[Round "5"]
[White "Bates, Richard"]
[Black "Shearsby, Jude"]
[Result "1-0"]
[WhiteElo "2312"]
[BlackElo "2092"]
[PlyCount "87"]
[EventDate "2024.06.20"]
[EventType "swiss"]
[EventRounds "7"]
[EventCountry "ENG"]
[SourceTitle "CBM 220 Extra"]
[Source "ChessBase"]
[SourceDate "2024.07.31"]
[SourceVersion "1"]
[SourceVersionDate "2024.07.31"]
[SourceQuality "1"]

1. d4 Nf6 2. Nf3 g6 3. g3 Bg7 4. c4 0-0 5. Bg2 d5 6. cxd5 Nxd5 7. 0-0 Nb6 8. Nc3 Nc6 9. e3 e5 10. d5 Ne7 11. e4 Nc4 12. b3 Nd6 13. Ba3 f5 14. Ng5 Rf6 15. Rc1 h6 16. Ne6 Bxe6 17. dxe6 Rxe6 18. Qe2 Kh7 19. Rfd1 Nc6 20. exf5 gxf5 21. Nb5 e4 22. Bh3 Rf6 23. Bxd6 cxd6 24. Bxf5+ Kh8 25. Bxe4 Qb6 26. Rxd6 Raf8 27. Rxf6 Rxf6 28. Kg2 Re6 29. Na3 Qd4 30. Rc4 Qd6 31. Qg4 Rf6 32. Nb1 Qf8 33. Rc2 Qb4 34. h3 Ne5 35. Rc8+ Bf8 36. Qe2 Qd4 37. Nc3 Qd7 38. Ra8 Qd4 39. Qe3 Qd6 40. Nd5 Rf7 41. Nf4 Kg7 42. Re8 Re7 43. Rxe7+ Bxe7 44. Qxa7 1-0

[Event "ENG-ch"]
[Site "Kenilworth"]
[Date "2024.06.22"]
[Round "6"]
[White "Ghasi, Ameet K"]
[Black "Bates, Richard"]
[Result "1/2-1/2"]
[WhiteElo "2496"]
[BlackElo "2312"]
[PlyCount "179"]
[EventDate "2024.06.20"]
[EventType "swiss"]
[EventRounds "7"]
[EventCountry "ENG"]
[SourceTitle "CBM 220 Extra"]
[Source "ChessBase"]
[SourceDate "2024.07.31"]
[SourceVersion "1"]
[SourceVersionDate "2024.07.31"]
[SourceQuality "1"]

1. Nf3 c5 2. g3 g6 3. Bg2 Bg7 4. c4 Nc6 5. Nc3 d6 6. 0-0 e5 7. a3 Nge7 8. Rb1 a5 9. d3 0-0 10. Ne1 Be6 11. Bg5 f6 12. Be3 Rb8 13. Nc2 Qd7 14. b4 axb4 15. axb4 b6 16. Qd2 Nd4 17. Rb2 d5 18. cxd5 Nxd5 19. Nxd5 Bxd5 20. Bxd5+ Qxd5 21. Rfb1 Ra8 22. bxc5 bxc5 23. Rb7 Rf7 24. Rxf7 Kxf7 25. Qd1 f5 26. Bxd4 cxd4 27. Nb4 Qe6 28. Rc1 Rc8 29. Rxc8 Qxc8 30. Qb3+ Qe6 31. Nd5 Bf8 32. Qb7+ Kg8 33. Nc7 Qd7 34. Qb3+ Qf7 35. Ne6 h6 36. h3 Bg7 37. Kg2 Kh8 38. Nxd4 Qxb3 39. Nxb3 Kg8 40. Kf3 Kf7 41. g4 Bf8 42. Nd2 Ke6 43. Nf1 fxg4+ 44. Kxg4 Bc5 45. Kf3 h5 46. Ng3 Be7 47. Ke4 Bh4 48. e3 Kd6 49. Kf3 Kd5 50. Ne4 Ke6 51. Ke2 Be7 52. Nd2 Kf5 53. Nf1 Bc5 54. Ng3+ Ke6 55. Kf3 Be7 56. Ne2 Kf5 57. Kg3 Bd6 58. Kg2 Bc5 59. e4+ Kg5 60. Kg3 Bd6 61. Ng1 Kf6 62. Nf3 Bc7 63. Kg2 Bb6 64. Kg3 Bc7 65. h4 Bb6 66. Ng5 Bc7 67. Nh3 Bb8 68. f4 Bc7 69. Kf3 Bd8 70. Ng5 Ba5 71. Nh3 Be1 72. fxe5+ Kxe5 73. Nf4 Kf6 74. Ng2 Bc3 75. Kf4 Bb2 76. Ne3 Be5+ 77. Kf3 Ke6 78. Nd5 Bb2 79. Kf4 Bc1+ 80. Ne3 Bb2 81. Ng2 Bc1+ 82. Kf3 Ke5 83. Nf4 Kf6 84. d4 Bb2 85. e5+ Kf5 86. e6 Ba3 87. d5 Be7 88. Ng2 Ke5 89. Nf4 Bxh4 90. Nxg6+ 1/2-1/2

[Event "ENG-ch"]
[Site "Kenilworth"]
[Date "2024.06.21"]
[Round "3"]
[White "Bates, Richard"]
[Black "Williams, Ana"]
[Result "1-0"]
[WhiteElo "2312"]
[BlackElo "1988"]
[PlyCount "101"]
[EventDate "2024.06.20"]
[EventType "swiss"]
[EventRounds "7"]
[EventCountry "ENG"]
[SourceTitle "CBM 220 Extra"]
[Source "ChessBase"]
[SourceDate "2024.07.31"]
[SourceVersion "1"]
[SourceVersionDate "2024.07.31"]
[SourceQuality "1"]

1. d4 Nf6 2. Nf3 e6 3. c4 d5 4. g3 dxc4 5. Bg2 c5 6. 0-0 Nc6 7. dxc5 Qxd1 8. Rxd1 Bxc5 9. Nbd2 c3 10. bxc3 0-0 11. Nb3 Be7 12. Bf4 Bd7 13. Ne5 Nxe5 14. Bxe5 Bc6 15. Bxc6 bxc6 16. Na5 Rac8 17. Rab1 Bc5 18. Bxf6 gxf6 19. Nb7 Bb6 20. Rd7 Rc7 21. Rbd1 Rb8 22. Rd8+ Rxd8 23. Rxd8+ Kg7 24. Nd6 Re7 25. Rc8 f5 26. Rxc6 Rd7 27. Nc4 Bd8 28. Rd6 Rc7 29. Rxd8 Rxc4 30. Rd3 e5 31. Rd5 Rxc3 32. Rxe5 Ra3 33. Rxf5 Rxa2 34. Kf1 a5 35. h4 a4 36. Ra5 a3 37. g4 h6 38. Ra6 Ra1+ 39. Kg2 Ra2 40. Kf3 Ra1 41. e3 a2 42. h5 Kf8 43. Kf4 Ke7 44. Kf5 Ke8 45. Kf6 Rg1 46. Ra8+ Kd7 47. Rxa2 Rxg4 48. Kxf7 Rg5 49. Rd2+ Kc6 50. Kf6 Rxh5 51. e4 1-0

[Event "BCF-chT 2324 (4NCL)"]
[Site "England"]
[Date "2024.05.05"]
[Round "10.4"]
[White "Chow, Samuel"]
[Black "Bates, Richard"]
[Result "1/2-1/2"]
[WhiteElo "2340"]
[BlackElo "2318"]
[PlyCount "47"]
[EventDate "2023.11.11"]
[EventType "team-tourn"]
[EventRounds "11"]
[EventCountry "ENG"]
[SourceTitle "EXT 2025"]
[Source "ChessBase"]
[SourceDate "2024.10.14"]
[SourceVersion "1"]
[SourceVersionDate "2024.10.14"]
[SourceQuality "1"]
[WhiteTeam "Chessable White Rose II"]
[BlackTeam "Blackthorne Russia"]
[WhiteTeamCountry "ENG"]
[BlackTeamCountry "ENG"]

1. d4 Nf6 2. c4 e6 3. Nf3 Bb4+ 4. Bd2 a5 5. a3 Bxd2+ 6. Qxd2 0-0 7. Nc3 d5 8. cxd5 exd5 9. e3 b6 10. Bd3 Bb7 11. 0-0 Qe7 12. Rac1 Nbd7 13. Rfe1 Ne4 14. Qc2 Rac8 15. Qb3 Nxc3 16. bxc3 g6 17. a4 Qd6 18. Nd2 c5 19. Qa3 Rfd8 20. Rb1 Qf8 21. Qa2 Qd6 22. Qa3 Qf8 23. Qa2 Qd6 24. Qa3 1/2-1/2